Score 0/30 Timer 08:00
5 Plays Today
% Correct
WALL·E
96.6%
Ghostbusters
94.2%
Star Wars: Episode IV - A New Hope
93.2%
Frozen
92.1%
Jurassic Park
91.5%
Jaws
90.3%
The Avengers
90.1%
The Wizard of Oz
89.4%
Bride of Frankenstein
87.4%
It
85.8%
The Lord of the Rings
84.8%
The Dark Knight Rises
84.7%
Alien vs. Predator
83.8%
Up
83.8%
Pulp Fiction
83.7%
% Correct
Transformers
81.9%
Toy Story
81.6%
Beetlejuice
80.6%
Gone with the Wind
73.1%
The Big Lebowski
72.7%
V for Vendetta
72.1%
A Clockwork Orange
70%
Harry Potter and the Deathly Hallows
63.7%
Reservoir Dogs
63.6%
Amélie
62.3%
Halloween
61%
Hocus Pocus
59.9%
Fight Club
56.8%
The Life Aquatic with Steve Zissou
37.6%
Spirited Away
35.6%
Remove Ads.
Support Sporcle.
Get the best of Sporcle when you Go Orange. This ad-free experience offers more features, more stats, and more fun while also helping to support Sporcle. Thank you for becoming a member.

You're not logged in!

Compare scores with friends on all Sporcle quizzes.
OR
Log In

Show Comments

Extras

Top Quizzes Today


Score Distribution

Your Account Isn't Verified!

In order to create a playlist on Sporcle, you need to verify the email address you used during registration. Go to your Sporcle Settings to finish the process.

Report this User

Report this user for behavior that violates our Community Guidelines.

Details: